Moderní metody vedení lidí

Salvato in:
Dettagli Bibliografici
Natura: Libro
Lingua:ceco
Pubblicazione: Praha Svoboda 1985
Edizione:1. vyd.
Tags: Aggiungi Tag
Nessun Tag, puoi essere il primo ad aggiungerne!!

MARC

LEADER 00000nam a2200000 4500
001 c110698
005 20230105083750.7
041 0 |a cze 
044 |a CZ 
245 1 0 |a Moderní metody vedení lidí 
250 |a 1. vyd. 
264 1 |a Praha  |b Svoboda  |c 1985 
300 |a 155 s.